| 000 | 00537nam a2200217Ia 4500 | ||
|---|---|---|---|
| 003 | OSt | ||
| 005 | 20241028141821.0 | ||
| 008 | 210210b2010 xxu||||| |||| 00| 0 eng d | ||
| 020 | _a9780736078900 | ||
| 040 | _cAL | ||
| 041 | _aeng | ||
| 082 | _a612.7 WATS | ||
| 100 |
_aWATKINS (James) _9183515 |
||
| 245 | _aStructure and function of the musculoskeletal system | ||
| 250 | _a2. | ||
| 260 |
_aCanada _bHuman Kinetics _c2010 |
||
| 300 | _aviii, 398 | ||
| 690 |
_aHuman Physiology _9183516 |
||
| 906 | _a067123 | ||
| 942 |
_2ddc _cBK |
||
| 999 |
_c149517 _d149517 |
||